Reinforced autoclaved aerated concrete (RAAC) - (Record no. 122170)

MARC details
000 -LEADER
fixed length control field 01281nam a22002657a 4500
008 - FIXED-LENGTH DATA ELEMENTS--GENERAL INFORMATION
fixed length control field 250616e20250609xxk|||||o|||| 00| 0 eng d
041 ## - LANGUAGE CODE
Language code of text/sound track or separate title eng
110 ## - MAIN ENTRY--CORPORATE NAME
Corporate author Royal Institution of Chartered Surveyors
245 ## - TITLE STATEMENT
Title Reinforced autoclaved aerated concrete (RAAC) -
Subtitle a clear impartial guide
Medium [Electronic resource]
260 ## - PUBLICATION INFORMATION
Place of publication London,
Publisher Royal Institution of Chartered Surveyors,
Date June 2025
300 ## - PHYSICAL DESCRIPTION
Physical description 17p.
490 ## - SERIES TITLE
Series statement RICS Consumer Guide
520 ## - ABSTRACT
Abstract This consumer guide provides straightforward information on a technical subject; it is no substitute for professional advice from an experienced construction professional, and the reader is urged to take further advice if RAAC is found or strongly suspected
650 ## - KEYWORDS
Keywords REINFORCED AUTOCLAVED AERATED CONCRETE
650 ## - KEYWORDS
Keywords CONCRETE
650 ## - KEYWORDS
Keywords BUILDING DEFECTS
650 ## - KEYWORDS
Keywords EDUCATION BUILDINGS
650 ## - KEYWORDS
Keywords SCHOOLS
651 ## - SUBJECT ADDED ENTRY--GEOGRAPHIC NAME
Geographic name United Kingdom
690 ## - BROAD SUBJECT
Broad subject Building materials & defects
9 (RLIN) 6223
710 ## - ADDED CORPORATE NAME
Added corporate author Royal Institution of Chartered Surveyors
856 ## - ONLINE RESOURCE
Uniform Resource Identifier <a href="https://www.rics.org/content/dam/ricsglobal/documents/consumer-guides/RAAC_consumer_guide.pdf">https://www.rics.org/content/dam/ricsglobal/documents/consumer-guides/RAAC_consumer_guide.pdf</a>
Public note pdf guide here
856 ## - ONLINE RESOURCE
Uniform Resource Identifier <a href="https://www.rics.org/consumer-guides/reinforced-autoclaved-aerated-concrete-raac">https://www.rics.org/consumer-guides/reinforced-autoclaved-aerated-concrete-raac</a>
Public note web version here
942 ## - ADDED ENTRY ELEMENTS (KOHA)
Suppress in OPAC Do not suppress in OPAC
Holdings
Lost status Damaged status Not for loan Current library Shelving location Date acquired Total Checkouts Date last seen Price effective from Koha item type
      Virtual Online 16/06/2025   16/06/2025 16/06/2025 Online material